Online Catalogue and eLibrary

Footprints in sand : (Record no. 597)

MARC details
000 -LEADER
fixed length control field 00372nam a22001337a 4500
005 - DATE AND TIME OF LATEST TRANSACTION
control field 20240322020452.0
008 - FIXED-LENGTH DATA ELEMENTS--GENERAL INFORMATION
fixed length control field 240322b |||||||| |||| 00| 0 eng d
082 ## - DDC Classification
DDC Edition Number 22
Class No. 324.256.
Item Number - Author Mark Foo.
245 ## - TITLE STATEMENT
Title Footprints in sand :
Remainder of title Mam Report /
Statement of responsibility, etc. 2005.
260 ## - PUBLICATION, DISTRIBUTION, ETC.
Place of publication, distribution, etc. Kilinochchi ;
Name of publisher, distributor, etc. Northeast secretariat on human rights /
Date of publication, distribution, etc. 2005.
300 ## - PHYSICAL DESCRIPTION
Extent (e.g. Volumes, Pages etc.) 89 p.,
650 ## - SUBJECT ADDED ENTRY--TOPICAL TERM
Topical term or geographic name entry element Political.
942 ## - Koha item type (Biblio)
Koha item type Books in Stacks (Lending)
Holdings
Lost status Damaged status Collection code Home library Current library Date acquired Full call number Accession Number Item type
    Lending WERC Library WERC Library 03/22/2024 324.256. Foo. 5692 Books in Stacks (Lending)

© WERC Library